| 000 | 00000nam 2200000za 4500 |
| 001 | 9.699415 |
| 003 | CaOODSP |
| 005 | 20210625000354 |
| 007 | cr ||||||||||| |
| 008 | 150407r19651964xxc|||||o f|0| 0 eng d |
| 040 | |aCaOODSP|beng |
| 043 | |an-cn--- |
| 086 | 1 |aA73-1188/1965E-PDF |
| 100 | 1 |aGarland, S. W. |
| 245 | 10|aInsurance for farmers |h[electronic resource] / |cS.W. Garland. |
| 260 | |aOttawa : |bAgriculture Canada, |c1964, reprinted 1965. |
| 300 | |a20 p.|billus. |
| 500 | |aHistorical publication digitized by Agriculture and Agri-Food Canada. |
| 590 | |a14-11-Supp|b2014-05-21 |
| 690 | 07|aCrop insurance|2gcpds |
| 690 | 07|aFarming|2gcpds |
| 690 | 07|aInsurance|2gcpds |
| 710 | 1 |aCanada.|bDepartment of Agriculture.|bEconomics Division. |
| 775 | 08|tL'assurance et le cultivateur |w(CaOODSP)9.643401 |
| 856 | 40|ahttp://publications.gc.ca|qPDF|s1.2 MB|uhttps://publications.gc.ca/collections/collection_2014/aac-aafc/agrhist/A73-1188-1965-eng.pdf |
| 986 | |a1188 |